Capitales sans les lettres de "Pékin" - Statistiques

Statistiques générales
  • Ce quiz a été pris 5 fois
  • Le résultat moyen est 7 sur 22
Statistiques - réponses
Continents Capitales % Correct
Afrique Rabat
80%
Europe Oslo
60%
Afrique Asmara
40%
Asie Bagdad
40%
Amérique du Sud Bogota
40%
Amérique du Sud Caracas
40%
Asie Dacca
40%
Asie Damas
40%
Afrique Ouagadougou
40%
Océanie Suva
40%
Océanie Tarawa-Sud
40%
Afrique Abuja
20%
Afrique Accra
20%
Afrique Djouba
20%
Afrique Dodoma
20%
Asie Doha
20%
Océanie Majuro
20%
Afrique Malabo
20%
Europe Moscou
20%
Amérique du Nord Ottawa
20%
Europe Vaduz
20%
Asie Achgabat
0%
Aucun quiz correspondant
Distribution des résultats
% des personnes avec chaque résultat
Percentile par nombre de réponses
Votre historique - résultats
Vous n’avez pas pris ce quiz